Business communication : (Record no. 5709)
[ view plain ]
| 000 -LEADER | |
|---|---|
| fixed length control field | 00858nam a22002537a 4500 |
| 001 - CONTROL NUMBER | |
| control field | 17389 |
| 003 - CONTROL NUMBER IDENTIFIER | |
| control field | BD-DhUAP |
| 005 - DATE AND TIME OF LATEST TRANSACTION | |
| control field | 20201220142505.0 |
| 008 - FIXED-LENGTH DATA ELEMENTS--GENERAL INFORMATION | |
| fixed length control field | 201220r20112008ii a|||| b||| 001 0 eng d |
| 020 ## - INTERNATIONAL STANDARD BOOK NUMBER | |
| International Standard Book Number | 9780070146808 |
| 020 ## - INTERNATIONAL STANDARD BOOK NUMBER | |
| International Standard Book Number | 0070146802 |
| 040 ## - CATALOGING SOURCE | |
| Original cataloging agency | BD-DhAAL |
| Language of cataloging | eng |
| Transcribing agency | BD-DhUAP |
| Modifying agency | BD-DhUAP |
| 082 ## - DEWEY DECIMAL CLASSIFICATION NUMBER | |
| Edition number | 23 |
| Classification number | 651.74 BUS |
| 245 ## - TITLE STATEMENT | |
| Title | Business communication : |
| Remainder of title | making connections in a digital world / |
| Statement of responsibility, etc. | Raymond V. Lesikar ... [et al.]. |
| 250 ## - EDITION STATEMENT | |
| Edition statement | 11th ed. |
| 260 ## - PUBLICATION, DISTRIBUTION, ETC. | |
| Place of publication, distribution, etc. | New Delhi : |
| Name of publisher, distributor, etc. | Tata McGraw Hill Education Pvt. Ltd., |
| Date of publication, distribution, etc. | c2008 [Reprinted 2011]. |
| 300 ## - PHYSICAL DESCRIPTION | |
| Extent | xxix, 737 pages : |
| Other physical details | illustrations ; |
| Dimensions | 24 cm. |
| 500 ## - GENERAL NOTE | |
| General note | Includes index. |
| 650 ## - SUBJECT ADDED ENTRY--TOPICAL TERM | |
| Topical term or geographic name entry element | Commercial correspondence. |
| 9 (RLIN) | 33819 |
| 650 ## - SUBJECT ADDED ENTRY--TOPICAL TERM | |
| Topical term or geographic name entry element | English language |
| General subdivision | Business English. |
| 9 (RLIN) | 33820 |
| 650 ## - SUBJECT ADDED ENTRY--TOPICAL TERM | |
| Topical term or geographic name entry element | Business communication. |
| 9 (RLIN) | 33821 |
| 700 ## - ADDED ENTRY--PERSONAL NAME | |
| Personal name | Lesikar, Raymond Vincent. |
| 942 ## - ADDED ENTRY ELEMENTS (KOHA) | |
| Source of classification or shelving scheme | |
| Koha item type | Book |
| Withdrawn status | Lost status | Source of classification or shelving scheme | Damaged status | Not for loan | Permanent Location | Current Location | Shelving location | Date acquired | Full call number | Barcode | Date last seen | Copy number | Price effective from | Koha item type | Total Checkouts | Date last checked out | Total Renewals |
|---|---|---|---|---|---|---|---|---|---|---|---|---|---|---|---|---|---|
| UAP Central Library | UAP Central Library | General Stacks | 2020-12-20 | 651.74 BUS | 3010017389 | 2020-12-20 | 1 | 2020-12-20 | Book | ||||||||
| UAP Central Library | UAP Central Library | General Stacks | 2020-12-20 | 651.74 BUS | 3010017393 | 2020-12-20 | 2 | 2020-12-20 | Book | ||||||||
| UAP Central Library | UAP Central Library | General Stacks | 2020-12-20 | 651.74 BUS | 3010017398 | 2023-08-27 | 3 | 2020-12-20 | Book | 1 | 2023-08-24 | ||||||
| UAP Central Library | UAP Central Library | General Stacks | 2020-12-20 | 651.74 BUS | 3010017404 | 2020-12-20 | 4 | 2020-12-20 | Book | ||||||||
| UAP Central Library | UAP Central Library | General Stacks | 2020-12-20 | 651.74 BUS | 3010017402 | 2020-12-20 | 5 | 2020-12-20 | Book | ||||||||
| UAP Central Library | UAP Central Library | General Stacks | 2020-12-20 | 651.74 BUS | 3010017397 | 2025-09-01 | 6 | 2020-12-20 | Book | 1 | 2025-07-21 | 2 | |||||
| UAP Central Library | UAP Central Library | General Stacks | 2020-12-20 | 651.74 BUS | 3010017395 | 2023-09-07 | 7 | 2020-12-20 | Book | 1 | 2023-08-24 | ||||||
| UAP Central Library | UAP Central Library | General Stacks | 2020-12-20 | 651.74 BUS | 3010017394 | 2020-12-20 | 8 | 2020-12-20 | Book | ||||||||
| UAP Central Library | UAP Central Library | General Stacks | 2020-12-20 | 651.74 BUS | 3010017392 | 2020-12-20 | 9 | 2020-12-20 | Book | ||||||||
| UAP Central Library | UAP Central Library | General Stacks | 2020-12-20 | 651.74 BUS | 3010017399 | 2020-12-20 | 10 | 2020-12-20 | Book | ||||||||
| UAP Central Library | UAP Central Library | General Stacks | 2020-12-20 | 651.74 BUS | 3010017405 | 2020-12-20 | 11 | 2020-12-20 | Book | ||||||||
| UAP Central Library | UAP Central Library | General Stacks | 2020-12-20 | 651.74 BUS | 3010017406 | 2024-03-06 | 12 | 2020-12-20 | Book | 2 | 2024-01-31 | 2 | |||||
| UAP Central Library | UAP Central Library | General Stacks | 2020-12-20 | 651.74 BUS | 3010017388 | 2020-12-20 | 13 | 2020-12-20 | Book | ||||||||
| UAP Central Library | UAP Central Library | General Stacks | 2020-12-20 | 651.74 BUS | 3010017396 | 2020-12-20 | 14 | 2020-12-20 | Book | ||||||||
| UAP Central Library | UAP Central Library | General Stacks | 2020-12-20 | 651.74 BUS | 3010017407 | 2023-08-27 | 15 | 2020-12-20 | Book | 1 | 2023-08-24 | ||||||
| UAP Central Library | UAP Central Library | General Stacks | 2020-12-20 | 651.74 BUS | 3010017400 | 2020-12-20 | 16 | 2020-12-20 | Book | ||||||||
| UAP Central Library | UAP Central Library | General Stacks | 2020-12-20 | 651.74 BUS | 3010017401 | 2020-12-20 | 17 | 2020-12-20 | Book | ||||||||
| UAP Central Library | UAP Central Library | General Stacks | 2020-12-20 | 651.74 BUS | 3010017391 | 2020-12-20 | 18 | 2020-12-20 | Book | ||||||||
| UAP Central Library | UAP Central Library | General Stacks | 2020-12-20 | 651.74 BUS | 3010017403 | 2020-12-20 | 19 | 2020-12-20 | Book | ||||||||
| UAP Central Library | UAP Central Library | General Stacks | 2020-12-20 | 651.74 BUS | 3010017390 | 2020-12-28 | 20 | 2020-12-20 | Book |
Bengali Keyboard